| 000 | 00375nam a2200169Ia 4500 | ||
|---|---|---|---|
| 008 | 210210b1964 xxu||||| |||| 00| 0 eng d | ||
| 041 | _aeng | ||
| 082 | _a534/51 | ||
| 100 | _aHEAVENS (O S) | ||
| 245 | _aOpticall masers | ||
| 260 |
_aLondon _bMethuen Co Ltd. _c1964 |
||
| 300 | _a103 | ||
| 650 | _aOpticall | ||
| 650 | _amasers | ||
| 690 | _aOptics | ||
| 906 | _a008539 | ||
| 999 |
_c126486 _d126486 |
||